[Event "Dieren op"]
[Site "Dieren"]
[Date "2022.07.26"]
[Round "1"]
[White "Shakhverdian, William"]
[Black "Mollema, Thomas"]
[Result "1-0"]
[WhiteElo "2040"]
[BlackElo "2235"]
[PlyCount "58"]
[EventDate "2022.07.26"]
[EventType "swiss"]
[EventRounds "9"]
[EventCountry "NED"]
[SourceTitle "CBM 209 Extra"]
[Source "ChessBase"]
[SourceDate "2022.09.30"]
[SourceVersion "1"]
[SourceVersionDate "2022.09.30"]
[SourceQuality "1"]

1. d4 d5 2. c4 e6 3. Nf3 c5 4. e3 Nf6 5. Nc3 Nc6 6. a3 a6 7. dxc5 Bxc5 8. b4 Ba7 9. Be2 d4 10. exd4 Nxd4 11. c5 Nxe2 12. Qxd8+ Kxd8 13. Kxe2 Bb8 14. Bg5 Bd7 15. Rhd1 Ke7 16. Bh4 Bc6 17. a4 Rc8 18. Rd3 a5 19. Rb1 axb4 20. Rxb4 Ra5 21. Nd4 Rxc5 22. Nxc6+ bxc6 23. Rb7+ Bc7 24. Ne4 Re5 25. f3 Rd5 26. Nxf6 gxf6 27. Rxd5 cxd5 28. a5 Kd6 29. Bxf6 Bxa5 1-0

[Event "NED-chT 2122"]
[Site "Netherlands"]
[Date "2022.05.21"]
[Round "5.4"]
[White "Maatman, Nick"]
[Black "Mollema, Thomas"]
[Result "1/2-1/2"]
[WhiteElo "2364"]
[BlackElo "2244"]
[PlyCount "110"]
[EventDate "2021.09.18"]
[EventType "team-tourn"]
[EventRounds "9"]
[EventCountry "NED"]
[SourceTitle "EXT 2023"]
[Source "ChessBase"]
[SourceDate "2022.10.05"]
[SourceVersion "1"]
[SourceVersionDate "2022.10.05"]
[SourceQuality "1"]
[WhiteTeam "Groningen Combinatie"]
[BlackTeam "Den Bosch HMC"]
[WhiteTeamCountry "NED"]
[BlackTeamCountry "NED"]

1. d4 d5 2. c4 e6 3. Nf3 c5 4. cxd5 exd5 5. Nc3 Nc6 6. dxc5 d4 7. Na4 Bxc5 8. Nxc5 Qa5+ 9. Bd2 Qxc5 10. Rc1 Qb6 11. e3 Nf6 12. Bc4 0-0 13. 0-0 Bg4 14. exd4 Rad8 15. Be3 Qxb2 16. Rb1 Qc3 17. Qc1 Qxc1 18. Rfxc1 Bxf3 19. gxf3 b6 20. Bxf7+ Rxf7 21. Rxc6 Nd5 22. Bg5 Rdf8 23. Rb5 Rd7 24. Rb3 h6 25. Bd2 Nf4 26. Bxf4 Rxf4 27. a4 Rfxd4 28. a5 bxa5 29. Rb5 R4d6 30. Rxd6 Rxd6 31. Rxa5 a6 32. f4 Kf7 33. f5 Rb6 34. Kg2 Kf6 35. Kg3 Kg5 36. f3 Kf6 37. Kg4 Rb4+ 38. Kg3 Rb6 39. Kg4 Ke7 40. f4 Kf6 41. h4 Ke7 42. Kh5 Rf6 43. Re5+ Kd7 44. Rd5+ Ke7 45. Re5+ Kd7 46. Rd5+ Ke8 47. Re5+ Kf7 48. Ra5 Rb6 49. Kg4 Kg8 50. Kh5 Kh7 51. Kg4 Rf6 52. Ra4 Kg8 53. Ra5 Kf8 54. Kh5 Rd6 55. Kg4 Ke7 1/2-1/2

[Event "NED-chT 2122"]
[Site "Netherlands"]
[Date "2022.04.02"]
[Round "8.3"]
[White "Velten, Paul"]
[Black "Mollema, Thomas"]
[Result "1-0"]
[WhiteElo "2475"]
[BlackElo "2244"]
[PlyCount "139"]
[EventDate "2021.09.18"]
[EventType "team-tourn"]
[EventRounds "9"]
[EventCountry "NED"]
[SourceTitle "EXT 2024"]
[Source "ChessBase"]
[SourceDate "2023.10.10"]
[SourceVersion "1"]
[SourceVersionDate "2023.10.10"]
[SourceQuality "1"]
[WhiteTeam "En Passant"]
[BlackTeam "Den Bosch HMC"]
[WhiteTeamCountry "NED"]
[BlackTeamCountry "NED"]

1. d4 d5 2. c4 e6 3. Nf3 c5 4. cxd5 exd5 5. Nc3 Nc6 6. Bg5 Nf6 7. Bxf6 gxf6 8. g3 Be6 9. Bg2 h5 10. dxc5 Bxc5 11. 0-0 a6 12. Rc1 Ba7 13. Nh4 Ne7 14. Qa4+ Kf8 15. e3 Qb6 16. Qa3 Rd8 17. Rfd1 d4 18. exd4 Rxd4 19. Rxd4 Qxd4 20. Ne4 f5 21. Nc5 Bxc5 22. Qxc5 Qxc5 23. Rxc5 b6 24. Rc7 Bxa2 25. Rb7 b5 26. Ra7 Bc4 27. Rxa6 Kg7 28. Rd6 Rc8 29. Bf3 Be6 30. Rd2 Ng6 31. Bxh5 Nxh4 32. gxh4 Rh8 33. Be2 Bc4 34. h5 Bxe2 35. Rxe2 Kf6 36. Rc2 Rxh5 37. Rc6+ Kg5 38. Rb6 Kf4 39. Rxb5 Rg5+ 40. Kf1 Rh5 41. Rb4+ Kf3 42. Rb3+ Ke4 43. Re3+ Kd4 44. Kg2 f4 45. Re1 Rb5 46. Rb1 Rb3 47. Rd1+ Ke4 48. Rd2 f3+ 49. Kf1 Rb6 50. Ke1 Rh6 51. Kd1 Rxh2 52. b4 Rh1+ 53. Kc2 Ra1 54. Kb3 Rb1+ 55. Rb2 Rxb2+ 56. Kxb2 Kd5 57. Kc3 Kc6 58. Kc4 Kb6 59. b5 Kb7 60. Kc5 Kc7 61. b6+ Kb7 62. Kb5 Kb8 63. Kc6 Kc8 64. b7+ Kb8 65. Kb6 f5 66. Kc6 f4 67. Kd5 Kxb7 68. Ke4 Kc6 69. Kxf3 Kd5 70. Kxf4 1-0

[Event "NED-chT 2122"]
[Site "Netherlands"]
[Date "2022.02.05"]
[Round "6.1"]
[White "Pijpers, Arthur"]
[Black "Mollema, Thomas"]
[Result "1-0"]
[WhiteElo "2483"]
[BlackElo "2244"]
[PlyCount "77"]
[EventDate "2021.09.18"]
[EventType "team-tourn"]
[EventRounds "9"]
[EventCountry "NED"]
[SourceTitle "EXT 2023"]
[Source "ChessBase"]
[SourceDate "2022.10.05"]
[SourceVersion "1"]
[SourceVersionDate "2022.10.05"]
[SourceQuality "1"]
[WhiteTeam "Leiden LSG"]
[BlackTeam "Den Bosch HMC"]
[WhiteTeamCountry "NED"]
[BlackTeamCountry "NED"]

1. e4 e5 2. Nf3 Nf6 3. Nxe5 d6 4. Nf3 Nxe4 5. d4 d5 6. Bd3 Be7 7. 0-0 Nd7 8. c4 c6 9. cxd5 cxd5 10. Qb3 Nb6 11. Bb5+ Bd7 12. Ne5 Bxb5 13. Qxb5+ Kf8 14. Nc3 Nxc3 15. bxc3 f6 16. Nd3 Qd7 17. Qxd7 Nxd7 18. Nf4 Nb6 19. a4 Bd6 20. a5 Bxf4 21. Bxf4 Nc4 22. Rfb1 g5 23. Bg3 Kf7 24. Rxb7+ Kg6 25. a6 Rhe8 26. f4 Re3 27. fxg5 Kxg5 28. Rxh7 Rxc3 29. Rd7 Nb6 30. Rd6 Rf8 31. Rf1 Ra3 32. Bf4+ Kg6 33. Rxb6 axb6 34. Bd6 Rxa6 35. Bxf8 Ra4 36. Be7 f5 37. Rb1 Rxd4 38. Rxb6+ Kf7 39. Bg5 1-0

[Event "NED-chT 2122"]
[Site "Netherlands"]
[Date "2021.11.06"]
[Round "3.8"]
[White "Suvorov, Luca"]
[Black "Mollema, Thomas"]
[Result "1-0"]
[WhiteElo "2280"]
[BlackElo "2244"]
[PlyCount "127"]
[EventDate "2021.09.18"]
[EventType "team-tourn"]
[EventRounds "9"]
[EventCountry "NED"]
[SourceTitle "EXT 2023"]
[Source "ChessBase"]
[SourceDate "2022.10.05"]
[SourceVersion "1"]
[SourceVersionDate "2022.10.05"]
[SourceQuality "1"]
[WhiteTeam "Zuid Limburg"]
[BlackTeam "Den Bosch HMC"]
[WhiteTeamCountry "NED"]
[BlackTeamCountry "NED"]

1. d4 d5 2. c4 e6 3. Nc3 c5 4. cxd5 exd5 5. Nf3 Nc6 6. g3 Nf6 7. Bg2 Be6 8. 0-0 c4 9. Ne5 Be7 10. b3 cxb3 11. axb3 Rc8 12. Nxc6 Rxc6 13. Qd3 a6 14. Bg5 Rd6 15. b4 0-0 16. b5 axb5 17. Rab1 h6 18. Bxf6 Bxf6 19. Rxb5 Qd7 20. e3 Rc8 21. Rb3 Bd8 22. Qb1 Rb8 23. Qb2 Ba5 24. Ra1 Bxc3 25. Rxc3 b6 26. Rac1 Qd8 27. Qb4 g6 28. h4 h5 29. Kh2 Kg7 30. Qb2 Qf6 31. Rc7 Qd8 32. e4 Rd7 33. R7c6 b5 34. e5 b4 35. Qb3 Kh7 36. Ra1 g5 37. Qd3+ Kg7 38. hxg5 Qxg5 39. Qb3 h4 40. Rb1 Ra7 41. Qf3 Bf5 42. Rb3 hxg3+ 43. Qxg3 Bg4 44. Rb1 Ra3 45. f3 Rh8+ 46. Kg1 Qe3+ 47. Qf2 Qd3 48. Rbc1 Bf5 49. e6 fxe6 50. Qg3+ Bg6 51. Rc7+ Kh6 52. Qh4+ Bh5 53. Qf6+ Bg6 54. Qxh8+ Kg5 55. Qe5+ Kh6 56. Qf4+ Kh5 57. Qh2+ Kg5 58. Qg3+ Kh5 59. Qg4+ Kh6 60. Qh4+ Bh5 61. Qf4+ Kg6 62. Re1 Qf5 63. Qg3+ Kf6 64. Qg7# 1-0

[Event "Titled Tuesday intern op 30th June"]
[Site "Chess.com INT"]
[Date "2020.06.30"]
[Round "4"]
[White "Mollema, Thomas"]
[Black "Matinian, Nikita"]
[Result "0-1"]
[WhiteElo "2234"]
[BlackElo "2475"]
[PlyCount "52"]
[EventDate "2020.06.30"]
[EventType "swiss (blitz)"]
[EventRounds "10"]
[EventCountry "USA"]
[SourceTitle "CBM 197 Extra"]
[Source "ChessBase"]
[SourceDate "2020.09.30"]
[SourceVersion "1"]
[SourceVersionDate "2020.09.30"]
[SourceQuality "1"]

1. e4 c5 2. b3 g6 3. Bb2 Nf6 4. h4 Nc6 5. h5 gxh5 6. e5 Nd5 7. e6 Nf6 8. exf7+ Kxf7 9. Bxf6 exf6 10. Qxh5+ Ke7 11. Nc3 d5 12. Nxd5+ Kd6 13. Nf3 Be6 14. Nc3 Nd4 15. Nxd4 cxd4 16. Ne4+ Kc7 17. Bc4 Bxc4 18. bxc4 Qe8 19. Qh2+ Kc6 20. 0-0 Qxe4 21. Rfe1 Qf5 22. Qh4 Rd8 23. g4 Rg8 24. f3 Qxf3 25. Re6+ Bd6 26. Qxf6 Rxg4# 0-1

[Event "Titled Tuesday intern op 26th May"]
[Site "Chess.com INT"]
[Date "2020.05.26"]
[Round "2"]
[White "Aleksandrov, Aleksej"]
[Black "Mollema, Thomas"]
[Result "1-0"]
[WhiteElo "2608"]
[BlackElo "2234"]
[PlyCount "105"]
[EventDate "2020.05.26"]
[EventType "swiss (blitz)"]
[EventRounds "10"]
[EventCountry "USA"]
[SourceTitle "CBM 196 Extra"]
[Source "ChessBase"]
[SourceDate "2020.07.31"]
[SourceVersion "1"]
[SourceVersionDate "2020.07.31"]
[SourceQuality "1"]

1. d4 Nf6 2. c4 e6 3. Nc3 Bb4 4. e3 b6 5. Nge2 Bb7 6. a3 Be7 7. d5 a5 8. Ng3 0-0 9. Be2 Re8 10. 0-0 d6 11. e4 Nbd7 12. Be3 Bf8 13. b4 axb4 14. axb4 Rxa1 15. Qxa1 Ne5 16. h3 g6 17. Qa7 Qa8 18. Ra1 Qxa7 19. Rxa7 Rb8 20. Nb5 Ne8 21. Nd4 exd5 22. cxd5 Bg7 23. b5 Kf8 24. f4 Nd7 25. Kf2 Ke7 26. Nc6+ Bxc6 27. dxc6 Nc5 28. Bc4 Ne6 29. Ne2 h5 30. g4 hxg4 31. hxg4 Nc5 32. Kf3 Bb2 33. f5 Be5 34. g5 Kf8 35. Nf4 Bxf4 36. Bxf4 gxf5 37. exf5 Kg7 38. f6+ Kf8 39. Kg4 Kg8 40. Kf5 Kf8 41. Be3 Rc8 42. g6 fxg6+ 43. Kxg6 Ne4 44. Bh6+ Ng7 45. Bxg7+ Ke8 46. f7+ Ke7 47. f8Q+ Rxf8 48. Bxf8+ Kxf8 49. Rxc7 Nc5 50. Rf7+ Ke8 51. c7 Ne6 52. c8Q+ Nd8 53. Qd7# 1-0

[Event "Titled Tuesday intern op 12th May"]
[Site "Chess.com INT"]
[Date "2020.05.12"]
[Round "7"]
[White "Ghosh, Chanchal Kumer"]
[Black "Mollema, Thomas"]
[Result "0-1"]
[WhiteElo "2061"]
[BlackElo "2234"]
[PlyCount "102"]
[EventDate "2020.05.12"]
[EventType "swiss (blitz)"]
[EventRounds "10"]
[EventCountry "USA"]
[SourceTitle "EXT 2021"]
[Source "ChessBase"]
[SourceDate "2020.10.23"]
[SourceVersion "1"]
[SourceVersionDate "2020.10.23"]
[SourceQuality "1"]

1. e4 c5 2. Nf3 e6 3. d4 cxd4 4. Nxd4 Nf6 5. Nc3 Qb6 6. Nb3 Bb4 7. Bd3 a6 8. 0-0 Nc6 9. Be3 Qc7 10. f4 h5 11. Kh1 b5 12. e5 Ng4 13. Bg1 Bb7 14. Ne4 d5 15. exd6 Bxd6 16. Nbc5 Bxc5 17. Nxc5 Rd8 18. Nxb7 Qxb7 19. Qe2 Nd4 20. Bxd4 Rxd4 21. Rad1 Ke7 22. Rde1 Qb6 23. f5 e5 24. h3 f6 25. Be4 Nh6 26. Rd1 Rhd8 27. Rxd4 Qxd4 28. Bd3 h4 29. Qh5 Nf7 30. Qg6 Qxb2 31. Qxg7 Qxa2 32. Be4 Rd2 33. Bf3 Qxc2 34. Bh5 Qc4 35. Rg1 b4 36. Bg6 b3 37. Bxf7 Qxf7 38. Qh6 Rc2 39. Qxh4 b2 40. Qb4+ Ke8 41. Qa4+ Qd7 42. Qxc2 Qb5 43. Qb1 a5 44. Rd1 a4 45. Rd6 a3 46. Re6+ Kf7 47. Qe1 b1Q 48. Qxb1 Qxb1+ 49. Kh2 a2 50. h4 a1Q 51. h5 Qxf5 0-1

[Event "Titled Tuesday intern op 12th May"]
[Site "Chess.com INT"]
[Date "2020.05.12"]
[Round "8"]
[White "Mollema, Thomas"]
[Black "Das, Arghyadip"]
[Result "0-1"]
[WhiteElo "2234"]
[BlackElo "2453"]
[PlyCount "74"]
[EventDate "2020.05.12"]
[EventType "swiss (blitz)"]
[EventRounds "10"]
[EventCountry "USA"]
[SourceTitle "CBM 196 Extra"]
[Source "ChessBase"]
[SourceDate "2020.07.31"]
[SourceVersion "1"]
[SourceVersionDate "2020.07.31"]
[SourceQuality "1"]

1. e4 e5 2. Nf3 Nc6 3. Nc3 Nf6 4. d4 exd4 5. Nxd4 Bc5 6. Be3 Bb6 7. Nxc6 bxc6 8. Bxb6 axb6 9. Bd3 0-0 10. 0-0 d5 11. e5 Ng4 12. h3 Nxe5 13. Bxh7+ Kxh7 14. Qh5+ Kg8 15. Qxe5 Re8 16. Qg3 Bf5 17. Rac1 d4 18. Rfd1 Qf6 19. Nb1 Re7 20. a3 Rae8 21. Nd2 Re2 22. Nf3 c5 23. Qxc7 Bxc2 24. Rd2 Rxd2 25. Nxd2 Re2 26. Nf3 Be4 27. Qg3 Bxf3 28. gxf3 d3 29. Kf1 Qxb2 30. Rd1 Qc2 31. Ra1 Re6 32. Qb8+ Kh7 33. Qf4 d2 34. Kg2 d1Q 35. Rxd1 Qxd1 36. Qh4+ Rh6 37. Qe4+ Rg6+ 0-1

[Event "Titled Tuesday intern op 12th May"]
[Site "Chess.com INT"]
[Date "2020.05.12"]
[Round "3"]
[White "Mollema, Thomas"]
[Black "Davalos Prieto, Abel"]
[Result "1-0"]
[WhiteElo "2234"]
[BlackElo "2135"]
[PlyCount "37"]
[EventDate "2020.05.12"]
[EventType "swiss (blitz)"]
[EventRounds "10"]
[EventCountry "USA"]
[SourceTitle "EXT 2021"]
[Source "ChessBase"]
[SourceDate "2020.10.23"]
[SourceVersion "1"]
[SourceVersionDate "2020.10.23"]
[SourceQuality "1"]

1. e4 Nf6 2. Nc3 d5 3. exd5 Nxd5 4. Nf3 Nxc3 5. bxc3 e6 6. d4 Be7 7. Bd3 0-0 8. h4 h6 9. Bf4 Nd7 10. Qd2 f5 11. g4 fxg4 12. Ne5 Nxe5 13. Bxe5 Qd5 14. Rg1 Bxh4 15. Rxg4 Rxf2 16. Rxg7+ Kf8 17. Qxh6 Qh1+ 18. Rg1+ Ke8 19. Rxh1 1-0

[Event "Titled Tuesday intern op 12th May"]
[Site "Chess.com INT"]
[Date "2020.05.12"]
[Round "9"]
[White "Oragwu, Chukwunonso"]
[Black "Mollema, Thomas"]
[Result "0-1"]
[WhiteElo "2241"]
[BlackElo "2234"]
[PlyCount "142"]
[EventDate "2020.05.12"]
[EventType "swiss (blitz)"]
[EventRounds "10"]
[EventCountry "USA"]
[SourceTitle "CBM 196 Extra"]
[Source "ChessBase"]
[SourceDate "2020.07.31"]
[SourceVersion "1"]
[SourceVersionDate "2020.07.31"]
[SourceQuality "1"]

1. e4 c5 2. Nf3 e6 3. d3 d5 4. Nbd2 Nc6 5. g3 Bd6 6. Bg2 Nf6 7. 0-0 0-0 8. Re1 dxe4 9. dxe4 e5 10. c3 Be6 11. Qe2 Qd7 12. Ng5 Rad8 13. Nxe6 Qxe6 14. Nc4 Bc7 15. Bg5 Rd7 16. Ne3 Ne7 17. b3 Rfd8 18. Rad1 h6 19. Bxf6 Qxf6 20. Rxd7 Rxd7 21. Rd1 Rxd1+ 22. Qxd1 Qd6 23. Qe2 a6 24. a4 Qe6 25. Qc2 b5 26. axb5 axb5 27. Nd5 Nxd5 28. exd5 Qa6 29. Qd1 Bd6 30. Bf1 Qa5 31. Qd3 b4 32. cxb4 cxb4 33. Qe4 Qa2 34. Bc4 Bc5 35. Qf3 e4 36. Qf4 e3 37. fxe3 Qd2 38. Qf1 Bxe3+ 39. Kh1 Qf2 40. Qxf2 Bxf2 41. Kg2 Bc5 42. h3 Kf8 43. Kf3 Ke7 44. Ke4 Kd6 45. g4 Bf2 46. Kf5 Bh4 47. Ke4 g6 48. Bd3 Be7 49. Bc4 Bd8 50. Bd3 Bb6 51. Bc4 Bc7 52. Bd3 Kc5 53. Bc4 Bd6 54. Bd3 Kb6 55. Bc4 Kc7 56. Bd3 Kd7 57. Bc4 Ke7 58. Bd3 Kf6 59. Bc4 Kg5 60. Kf3 f5 61. gxf5 gxf5 62. Bd3 Kf6 63. Bc4 Ke5 64. Ke3 Bc5+ 65. Kf3 Bb6 66. Ke2 Kf4 67. d6 Kg3 68. Be6 f4 69. Bg4 Bc5 70. d7 Bb6 71. Kd3 f3 0-1

[Event "Titled Tuesday intern op 5th May"]
[Site "Chess.com INT"]
[Date "2020.05.05"]
[Round "4"]
[White "Michailov, Matias"]
[Black "Mollema, Thomas"]
[Result "1-0"]
[WhiteElo "2263"]
[BlackElo "2234"]
[PlyCount "85"]
[EventDate "2020.05.05"]
[EventType "swiss (blitz)"]
[EventRounds "10"]
[EventCountry "USA"]
[SourceTitle "EXT 2021"]
[Source "ChessBase"]
[SourceDate "2020.10.23"]
[SourceVersion "1"]
[SourceVersionDate "2020.10.23"]
[SourceQuality "1"]

1. e4 c5 2. Nf3 e6 3. d4 cxd4 4. Nxd4 Nf6 5. Nc3 Qb6 6. Nb3 a6 7. Bd3 Nc6 8. 0-0 Qc7 9. f4 d6 10. a4 b6 11. Be3 Bb7 12. Qf3 h5 13. Kh1 Ng4 14. Bg1 Be7 15. a5 bxa5 16. Na4 Bd8 17. Bb6 Qe7 18. Qg3 Bxb6 19. Nxb6 Rb8 20. Nc4 Nb4 21. Rxa5 Nxd3 22. cxd3 Bc8 23. Nd4 Qc7 24. e5 d5 25. Nd6+ Kf8 26. Ra2 Qc5 27. Nf3 Bd7 28. Qe1 h4 29. Ra5 Qc7 30. Rxa6 Rxb2 31. Ra8+ Rb8 32. Rxb8+ Qxb8 33. h3 Nh6 34. Ng5 Be8 35. Qa1 Nf5 36. Nxf5 exf5 37. Rb1 Qc8 38. Qa3+ Kg8 39. Rc1 Qd8 40. Qd6 Qxd6 41. exd6 Rh6 42. Rc8 Rxd6 43. Rxe8# 1-0

[Event "Titled Tuesday intern op 5th May"]
[Site "Chess.com INT"]
[Date "2020.05.05"]
[Round "8"]
[White "Mollema, Thomas"]
[Black "Cerveny, Martin"]
[Result "0-1"]
[WhiteElo "2234"]
[BlackElo "2386"]
[PlyCount "71"]
[EventDate "2020.05.05"]
[EventType "swiss (blitz)"]
[EventRounds "10"]
[EventCountry "USA"]
[SourceTitle "CBM 196 Extra"]
[Source "ChessBase"]
[SourceDate "2020.07.31"]
[SourceVersion "1"]
[SourceVersionDate "2020.07.31"]
[SourceQuality "1"]

1. e4 c5 2. b3 Nc6 3. Bb2 a6 4. Nf3 d6 5. c4 Nf6 6. Nc3 Bg4 7. h3 Bxf3 8. Qxf3 e6 9. g4 Be7 10. g5 Nd7 11. h4 Nd4 12. Qd1 h5 13. f4 Qc7 14. Ne2 Qc6 15. Bg2 e5 16. f5 Nxf5 17. Nc3 Nd4 18. Nd5 Nf8 19. b4 Nfe6 20. Bf3 g6 21. d3 Nc7 22. Bxd4 cxd4 23. b5 axb5 24. cxb5 Nxb5 25. Qb3 Nc3 26. Rc1 Rc8 27. 0-0 Bd8 28. Rc2 0-0 29. Rfc1 Ba5 30. Nf6+ Kg7 31. Nd5 Qa6 32. Ne7 Rc7 33. Nd5 Rc6 34. Ne7 Rb6 35. Qa3 Bb4 36. Bg2 0-1

[Event "Titled Tuesday intern op 5th May"]
[Site "Chess.com INT"]
[Date "2020.05.05"]
[Round "6"]
[White "Mollema, Thomas"]
[Black "Rakhmangulova, Anastasiya"]
[Result "1-0"]
[WhiteElo "2234"]
[BlackElo "2191"]
[PlyCount "84"]
[EventDate "2020.05.05"]
[EventType "swiss (blitz)"]
[EventRounds "10"]
[EventCountry "USA"]
[SourceTitle "EXT 2021"]
[Source "ChessBase"]
[SourceDate "2020.10.23"]
[SourceVersion "1"]
[SourceVersionDate "2020.10.23"]
[SourceQuality "1"]

1. e4 c5 2. b3 e5 3. Bc4 Qg5 4. Nf3 Qg6 5. Nxe5 Qxe4+ 6. Qe2 Qxe2+ 7. Kxe2 Nh6 8. d4 d6 9. Bb5+ Nd7 10. Nxd7 Bxd7 11. Bxd7+ Kxd7 12. Bxh6 gxh6 13. dxc5 Bg7 14. c3 Rhe8+ 15. Kd3 dxc5 16. Nd2 Kc6 17. Rae1 Rad8+ 18. Kc2 Rg8 19. g3 h5 20. Re7 Rd7 21. Rhe1 h4 22. Rxd7 Kxd7 23. g4 Bf6 24. h3 h5 25. gxh5 Rg2 26. Re3 Rxf2 27. Rf3 Rxf3 28. Nxf3 Ke6 29. h6 Kf5 30. h7 Kf4 31. Nxh4 Kg3 32. Nf5+ Kxh3 33. Nd6 Kg4 34. Nxf7 Kf5 35. h8Q Bxh8 36. Nxh8 Kf6 37. Kd3 Kg7 38. Kc4 b6 39. Kb5 Kxh8 40. Ka6 Kg7 41. Kxa7 b5 42. Kb6 c4 1-0

[Event "Titled Tuesday intern op 5th May"]
[Site "Chess.com INT"]
[Date "2020.05.05"]
[Round "3"]
[White "Mollema, Thomas"]
[Black "Tang, Andrew"]
[Result "0-1"]
[WhiteElo "2234"]
[BlackElo "2538"]
[PlyCount "104"]
[EventDate "2020.05.05"]
[EventType "swiss (blitz)"]
[EventRounds "10"]
[EventCountry "USA"]
[SourceTitle "CBM 196 Extra"]
[Source "ChessBase"]
[SourceDate "2020.07.31"]
[SourceVersion "1"]
[SourceVersionDate "2020.07.31"]
[SourceQuality "1"]

1. e4 e5 2. Nf3 Nc6 3. Nc3 Nf6 4. d4 exd4 5. Nxd4 Bb4 6. Nxc6 bxc6 7. Bd3 d5 8. exd5 cxd5 9. 0-0 0-0 10. h3 c6 11. Qf3 h6 12. Bf4 Bd6 13. Rfe1 Rb8 14. b3 Rb4 15. Ne2 Re8 16. c3 Rb7 17. Nd4 c5 18. Nf5 Bxf5 19. Bxf5 Rbe7 20. Rxe7 Qxe7 21. Rd1 Bxf4 22. Qxf4 Qe2 23. Qd2 Qe5 24. Bc2 h5 25. Qd3 g6 26. Qf3 Kg7 27. g3 h4 28. g4 Rd8 29. Qe3 Qd6 30. Qg5 Qe7 31. Qe3 Qc7 32. Qg5 d4 33. Qxh4 dxc3 34. g5 Nd5 35. Qh6+ Kg8 36. Bxg6 fxg6 37. Rxd5 Rxd5 38. Qxg6+ Kf8 39. Qf6+ Qf7 40. Qh8+ Ke7 41. Qxc3 Rxg5+ 42. Kf1 Rd5 43. Qa5 Qe6 44. Qxa7+ Qd7 45. Qb6 Rd1+ 46. Kg2 Qd5+ 47. Kg3 Rg1+ 48. Kf4 Qd4+ 49. Kf3 Qd3+ 50. Kf4 Qd2+ 51. Kf3 Qd5+ 52. Kf4 Qd6+ 0-1

[Event "Titled Tuesday intern op 5th May"]
[Site "Chess.com INT"]
[Date "2020.05.05"]
[Round "7"]
[White "Vazquez Espino, Uriel"]
[Black "Mollema, Thomas"]
[Result "0-1"]
[WhiteElo "1983"]
[BlackElo "2234"]
[PlyCount "80"]
[EventDate "2020.05.05"]
[EventType "swiss (blitz)"]
[EventRounds "10"]
[EventCountry "USA"]
[SourceTitle "EXT 2021"]
[Source "ChessBase"]
[SourceDate "2020.10.23"]
[SourceVersion "1"]
[SourceVersionDate "2020.10.23"]
[SourceQuality "1"]

1. e4 c5 2. Nf3 e6 3. d4 cxd4 4. Nxd4 Nf6 5. Nc3 Qb6 6. Nb3 Nc6 7. Be3 Qc7 8. Be2 a6 9. 0-0 b5 10. a3 Bb7 11. f4 d6 12. Bf3 Be7 13. Kh1 h5 14. f5 e5 15. Bg5 Nb8 16. Bxf6 Bxf6 17. Nd5 Bxd5 18. Qxd5 Qc6 19. Rad1 Qxd5 20. Rxd5 Be7 21. Na5 Nd7 22. Rfd1 Nb6 23. R5d2 Rb8 24. Nc6 Rc8 25. Nxe7 Kxe7 26. Rxd6 Nc4 27. Rxa6 Nxb2 28. Ra7+ Kf6 29. Rd6+ Kg5 30. Rxf7 Kf4 31. Rxg7 Rxc2 32. h4 Nc4 33. Rd5 Ne3 34. Rd3 Nf1 35. Kg1 Rc1 36. Bd1 Kxe4 37. Rdd7 Ne3 38. Kf2 Nxd1+ 39. Ke2 Ne3 40. Rb7 Rhc8 0-1

[Event "Titled Tuesday intern op 5th May"]
[Site "Chess.com INT"]
[Date "2020.05.05"]
[Round "9"]
[White "Zahedifar, Anahita"]
[Black "Mollema, Thomas"]
[Result "1-0"]
[WhiteElo "2213"]
[BlackElo "2234"]
[PlyCount "55"]
[EventDate "2020.05.05"]
[EventType "swiss (blitz)"]
[EventRounds "10"]
[EventCountry "USA"]
[SourceTitle "CBM 196 Extra"]
[Source "ChessBase"]
[SourceDate "2020.07.31"]
[SourceVersion "1"]
[SourceVersionDate "2020.07.31"]
[SourceQuality "1"]

1. d4 Nf6 2. c4 e6 3. Nc3 c5 4. d5 exd5 5. cxd5 d6 6. e4 g6 7. f4 Bg7 8. Nf3 0-0 9. Be2 Re8 10. e5 Nfd7 11. 0-0 dxe5 12. f5 e4 13. Ng5 e3 14. fxg6 fxg6 15. Ne6 Qb6 16. Na4 Qa5 17. Bxe3 Nf8 18. Bd2 Nxe6 19. Bxa5 Nd4 20. Bc4 b5 21. Bxb5 Nxb5 22. d6 Bd4+ 23. Kh1 Bb7 24. Qb3+ Kg7 25. Qxb5 Bc6 26. Qc4 Nd7 27. Qf7+ Kh6 28. Bd2+ 1-0

[Event "NED-chT 1920"]
[Site "Netherlands"]
[Date "2020.02.01"]
[Round "5.1"]
[White "Van Overdam, Julian"]
[Black "Mollema, Thomas"]
[Result "1-0"]
[WhiteElo "2398"]
[BlackElo "2196"]
[PlyCount "79"]
[EventDate "2019.09.28"]
[EventType "team-tourn"]
[EventRounds "9"]
[EventCountry "NED"]
[SourceTitle "CBM 195 Extra"]
[Source "ChessBase"]
[SourceDate "2020.05.31"]
[SourceVersion "1"]
[SourceVersionDate "2020.05.31"]
[SourceQuality "1"]
[WhiteTeam "Charlois Europoort"]
[BlackTeam "Den Bosch HMC"]
[WhiteTeamCountry "NED"]
[BlackTeamCountry "NED"]

1. Nf3 Nf6 2. b3 b6 3. g3 Bb7 4. Bg2 e6 5. Bb2 Be7 6. 0-0 0-0 7. c4 c5 8. d4 cxd4 9. Qxd4 Qc7 10. Nc3 Nc6 11. Qd3 a6 12. Rac1 Rfd8 13. Qb1 d6 14. Rfd1 Ne5 15. Nxe5 dxe5 16. Ne4 Nxe4 17. Bxe4 Bxe4 18. Qxe4 f6 19. e3 Bc5 20. Kg2 Rxd1 21. Rxd1 Rd8 22. Rxd8+ Qxd8 23. Bc3 a5 24. Qc6 Kf7 25. Bxa5 Bxe3 26. Bb4 Bd4 27. Bd6 Kg6 28. b4 f5 29. Bc7 Qc8 30. c5 bxc5 31. b5 c4 32. Ba5 Qf8 33. Qxe6+ Kh5 34. Bd2 c3 35. Bc1 g5 36. b6 Qa8+ 37. f3 Qf8 38. b7 Ba7 39. Kh3 f4 40. g4# 1-0

[Event "Groningen op 57th"]
[Site "Groningen"]
[Date "2019.12.29"]
[Round "8"]
[White "Tiviakov, Sergei"]
[Black "Mollema, Thomas"]
[Result "1-0"]
[WhiteElo "2615"]
[BlackElo "2207"]
[PlyCount "65"]
[EventDate "2019.12.21"]
[EventType "swiss"]
[EventRounds "9"]
[EventCountry "NED"]
[SourceTitle "CBM 194 Extra"]
[Source "ChessBase"]
[SourceDate "2020.03.31"]
[SourceVersion "1"]
[SourceVersionDate "2020.03.31"]
[SourceQuality "1"]

1. e4 e5 2. Nf3 Nf6 3. d3 d6 4. g3 g6 5. Bg2 Bg7 6. 0-0 0-0 7. c3 c6 8. Re1 Re8 9. Nbd2 Nbd7 10. b4 Qc7 11. Nb3 b6 12. Nfd2 d5 13. a4 a5 14. bxa5 bxa5 15. Qc2 Bb7 16. c4 dxe4 17. dxe4 c5 18. Nf1 Nb8 19. Qc3 Nfd7 20. Ne3 Nc6 21. Nd5 Qd8 22. Ba3 Nb4 23. Bh3 f5 24. Rad1 Bc6 25. exf5 Bxa4 26. Bxb4 cxb4 27. Qe3 Qb8 28. fxg6 Nf8 29. Nb6 Bxb3 30. Qxb3 Ra7 31. c5+ Kh8 32. gxh7 e4 33. Qg8# 1-0